[Event "13th Asia-ch"]
[Site "Al-Ain UAE"]
[Date "2015.08.07"]
[Round "6"]
[White "Shrestha, Keshav"]
[Black "Nitin, Senthilvel"]
[Result "0-1"]
[WhiteElo "2118"]
[BlackElo "2404"]
[EventDate "2015.08.02"]
[PlyCount "62"]

1.e4 e5 2.Nf3 d6 3.d4 exd4 4.Nxd4 Nf6 5.Nc3 g6 6.Bc4 Bg7 7.O-O O-O 8.h3 
Nbd7 9.Nf3 h6 10.Re1 Nb6 11.Bf1 Be6 12.Be3 Re8 13.Nd4 Bc4 14.Bxc4 Nxc4 15.
Bc1 d5 16.exd5 Rxe1+ 17.Qxe1 Nxd5 18.Nde2 Nb4 19.Qd1 Qxd1+ 20.Nxd1 Nxc2 
21.Rb1 Re8 22.Kf1 Rd8 23.Ndc3 b5 24.b3 b4 25.bxc4 bxc3 26.Bf4 Na3 27.Re1 
c2 28.Bxc7 Rd1 29.Bf4 Nxc4 30.f3 Nb2 31.Nc1 Bc3 0-1

[Event "13th Asia-ch"]
[Site "Al-Ain UAE"]
[Date "2015.08.07"]
[Round "6"]
[White "Xu Yi"]
[Black "Al-Attar, Rakan"]
[Result "1-0"]
[WhiteElo "2365"]
[BlackElo "2012"]
[EventDate "2015.08.02"]
[PlyCount "87"]

1.e4 d6 2.d4 g6 3.Nc3 Bg7 4.Be3 Nd7 5.f4 c5 6.Nf3 Ngf6 7.dxc5 dxc5 8.e5 
Ng4 9.Bg1 h5 10.Bd3 Nf8 11.h3 Nh6 12.Bxc5 Ne6 13.Bb5+ Bd7 14.Bxd7+ Qxd7 
15.Qxd7+ Kxd7 16.O-O-O+ Ke8 17.Nd5 Nf5 18.Bf2 h4 19.Ng5 Rc8 20.Bxa7 Nxg5 
21.fxg5 Bxe5 22.Rhe1 Bg3 23.Re4 Kf8 24.Rb4 Rh5 25.Rxb7 Rxg5 26.a4 Rd8 27.
Bb6 Ra8 28.a5 Nd6 29.Rd7 Nc4 30.Rd8+ Rxd8 31.Bxd8 Re5 32.a6 Bf2 33.b3 Na3 
34.Bxe7+ Rxe7 35.Nxe7 Kxe7 36.c4 g5 37.Kb2 Nxc4+ 38.bxc4 f5 39.Rd5 Ke6 40.
Kc2 g4 41.Kd3 Ba7 42.Ke2 Bb6 43.Rb5 Ba7 44.Rb7 1-0

[Event "13th Asia-ch"]
[Site "Al-Ain UAE"]
[Date "2015.08.07"]
[Round "6"]
[White "Mamyrbay, Assad"]
[Black "Salih Akar, Ali"]
[Result "1-0"]
[WhiteElo "2217"]
[BlackElo "2359"]
[EventDate "2015.08.02"]
[PlyCount "62"]

1.e4 c5 2.Nf3 d6 3.d4 cxd4 4.Nxd4 Nf6 5.Nc3 a6 6.g3 e5 7.Nb3 Bg4 8.Qd3 Nc6
9.Bg2 Be7 10.O-O Qd7 11.Be3 Rc8 12.a3 Bh3 13.Nd2 Bxg2 14.Kxg2 b5 15.Bg5 b4
16.Na4 Qc7 17.Bxf6 Bxf6 18.Nc4 O-O 19.Nab6 Na5 20.Nxa5 Qxb6 21.axb4 Qxb4 
22.Ra2 Rfd8 23.Rd1 Be7 24.b3 f5 25.Qd5+ Kh8 26.Nc6 Rxc6 27.Qxc6 fxe4 28.
Ra4 Qb8 29.Qxe4 Qb6 30.Rb4 Qc5 31.Rd5 Qc6 1-0

[Event "13th Asia-ch"]
[Site "Al-Ain UAE"]
[Date "2015.08.07"]
[Round "6"]
[White "Al-Hajiri, Bader"]
[Black "Venkatesh, Marani Rajendran"]
[Result "0-1"]
[WhiteElo "2238"]
[BlackElo "2484"]
[EventDate "2015.08.02"]
[PlyCount "62"]

1.e4 e5 2.Nf3 Nc6 3.Bb5 Nge7 4.c3 g6 5.d3 Bg7 6.Bg5 h6 7.Be3 d6 8.Na3 O-O 
9.Qd2 Kh7 10.O-O-O a6 11.Bc4 b5 12.Bb3 Na5 13.Bc2 c5 14.Rdg1 Be6 15.g4 
Bxa2 16.h4 b4 17.cxb4 cxb4 18.Qxb4 Rb8 19.Qe1 Qc7 20.Qc3 Nac6 21.b3 d5 22.
Bd2 Bxb3 23.Kd1 dxe4 24.Ng5+ hxg5 25.hxg5+ Kg8 26.Bxb3 exd3 27.Nc4 Rfd8 
28.Rh4 Nd4 29.Ba2 Ne2 30.Rgh1 Nxc3+ 31.Bxc3 Rb1+ 0-1

[Event "13th Asia-ch"]
[Site "Al-Ain UAE"]
[Date "2015.08.07"]
[Round "6"]
[White "Anuruddha, Galappaththi Chinthaka"]
[Black "Abdyjapar, Asyl"]
[Result "0-1"]
[WhiteElo "2066"]
[BlackElo "2392"]
[EventDate "2015.08.02"]
[PlyCount "140"]

1.d4 Nf6 2.Nf3 e6 3.c4 b6 4.g3 Ba6 5.b3 Bb4+ 6.Bd2 Be7 7.Bg2 d5 8.Nc3 O-O 
9.cxd5 exd5 10.O-O Bb7 11.Bc1 Nbd7 12.Bb2 Re8 13.Rc1 a6 14.Ne5 Bd6 15.f4 
b5 16.e3 Nb6 17.g4 b4 18.Nb1 Ne4 19.Nd2 Nc3 20.Bxc3 bxc3 21.Rxc3 f6 22.
Nec4 Bb4 23.Rc2 Nxc4 24.Nxc4 Rb8 25.a3 dxc4 26.Bxb7 cxb3 27.Rb2 Rxe3 28.
Rxb3 Bc3 29.Bd5+ Kf8 30.Rxb8 Qxb8 31.Qb1 Qxb1 32.Rxb1 Bxd4 33.Kg2 Rxa3 34.
Rb7 Ke7 35.Bg8 Kd6 36.Bxh7 Ra2+ 37.Kg3 g5 38.fxg5 fxg5 39.Bg8 Be5+ 40.Kf3 
Rxh2 41.Ra7 Rh3+ 42.Ke4 Ra3 43.Bc4 a5 44.Ra6+ c6 45.Bb5 Rc3 46.Kf5 Bf4 47.
Ba4 Rc5+ 48.Kf6 Kc7 49.Ra7+ Kb6 50.Ra8 Kb7 51.Re8 Rc4 52.Bb3 Rb4 53.Be6 a4
54.Re7+ Kb6 55.Re8 Ka7 56.Re7+ Rb7 57.Rxb7+ Kxb7 58.Kf5 Kb6 59.Ke4 Kc5 60.
Kd3 Kb4 61.Kc2 c5 62.Kb2 c4 63.Ka2 Bd6 64.Bd7 a3 65.Bc8 Kc3 66.Ba6 Bb4 67.
Bb5 Kd4 68.Kb1 c3 69.Bd7 Kd3 70.Bf5+ Kd2 0-1

[Event "13th Asia-ch"]
[Site "Al-Ain UAE"]
[Date "2015.08.07"]
[Round "6"]
[White "Lodhi, Mahmood"]
[Black "Ayyad, Maher"]
[Result "1-0"]
[WhiteElo "2310"]
[BlackElo "2122"]
[EventDate "2015.08.02"]
[PlyCount "79"]

1.d4 d5 2.Nf3 Nf6 3.c4 e6 4.g3 c6 5.Bg2 Nbd7 6.Nbd2 Bd6 7.O-O O-O 8.cxd5 
exd5 9.b3 Re8 10.Bb2 Qe7 11.Re1 a5 12.a3 Ne4 13.e3 Ndf6 14.Ne5 Nxd2 15.
Qxd2 Ne4 16.Qe2 Bxe5 17.dxe5 Bf5 18.g4 Bd7 19.f3 Nc5 20.Qc2 a4 21.b4 Nb3 
22.Rad1 Rac8 23.Qd3 Red8 24.h3 h5 25.Bc3 b6 26.Qe2 Qh4 27.Qf2 Qxf2+ 28.
Kxf2 Be6 29.Kg3 c5 30.bxc5 bxc5 31.f4 d4 32.exd4 cxd4 33.Bb4 hxg4 34.hxg4 
Rc4 35.f5 Bd5 36.Bf1 Rxb4 37.axb4 a3 38.e6 fxe6 39.fxe6 Re8 40.Re5 1-0

[Event "13th Asia-ch"]
[Site "Al-Ain UAE"]
[Date "2015.08.07"]
[Round "6"]
[White "Iyti, Basher"]
[Black "Baimurzin, Aitkazy"]
[Result "1-0"]
[WhiteElo "2305"]
[BlackElo "2096"]
[EventDate "2015.08.02"]
[PlyCount "69"]

1.d4 g6 2.Nf3 Bg7 3.e4 d6 4.Bc4 Nf6 5.Nc3 O-O 6.h3 Nxe4 7.Nxe4 d5 8.Bd3 
dxe4 9.Bxe4 c6 10.O-O Be6 11.c3 Nd7 12.Qe2 Nf6 13.Bc2 Qc7 14.Ng5 Bc8 15.
Re1 e6 16.Bd2 b6 17.Rad1 Bb7 18.Qe5 Rac8 19.Qxc7 Rxc7 20.Bf4 Rd7 21.Be5 
Rfd8 22.Ba4 Rc8 23.a3 Rdd8 24.Bb3 Re8 25.Ba4 a6 26.Rd3 Red8 27.Rf3 h6 28.
Nxe6 fxe6 29.Bxf6 Re8 30.Bb3 c5 31.Rxe6 c4 32.Rxe8+ Rxe8 33.Bxc4+ Kh7 34.
d5 Re1+ 35.Kh2 1-0

[Event "13th Asia-ch"]
[Site "Al-Ain UAE"]
[Date "2015.08.07"]
[Round "6"]
[White "Asgarizadeh, Mohammad Reza"]
[Black "Miswadah, Baha"]
[Result "1-0"]
[WhiteElo "2276"]
[BlackElo "1855"]
[EventDate "2015.08.02"]
[PlyCount "81"]

1.d4 d5 2.c4 c6 3.Nc3 e6 4.e3 Nf6 5.Nf3 Nbd7 6.Qc2 Bd6 7.Bd3 dxc4 8.Bxc4 
b5 9.Bd3 Bb7 10.Ne4 Nxe4 11.Bxe4 Rc8 12.Bd2 a6 13.b4 Qe7 14.a3 f5 15.Bd3 
O-O 16.h3 Kh8 17.O-O Bb8 18.e4 e5 19.exf5 exd4 20.Rfe1 Qd6 21.Re6 Qc7 22.
Re7 c5 23.Ne5 Rce8 24.Rxd7 Qxe5 25.f4 Qf6 26.Rxb7 c4 27.Bxc4 bxc4 28.Qxc4 
Rc8 29.Qd3 Qc6 30.Re7 Qf6 31.Rae1 Rcd8 32.R1e6 Qxf5 33.Qxf5 Rxf5 34.Re8+ 
Rf8 35.Rxd8 Rxd8 36.Rxa6 h6 37.Ra8 g5 38.Kf1 d3 39.g3 Kg7 40.fxg5 Rf8+ 41.
Bf4 1-0

[Event "13th Asia-ch"]
[Site "Al-Ain UAE"]
[Date "2015.08.07"]
[Round "6"]
[White "Sulimani, Yaser"]
[Black "Nassar, Marwan"]
[Result "0-1"]
[WhiteElo "1760"]
[BlackElo "2030"]
[EventDate "2015.08.02"]
[PlyCount "64"]

1.d4 d5 2.c4 c6 3.Nf3 Nf6 4.Nc3 g6 5.e3 Bg7 6.Bd3 O-O 7.O-O Nbd7 8.a4 Re8 
9.Ne5 Nxe5 10.dxe5 Nd7 11.f4 Nc5 12.Be2 Be6 13.b4 Na6 14.cxd5 cxd5 15.b5 
Nc5 16.Rb1 Bf5 17.Rb4 e6 18.g4 Be4 19.g5 Bf8 20.Rd4 Qc7 21.Bf3 Bf5 22.e4 
Nxe4 23.Nxe4 dxe4 24.Bxe4 Bc5 25.Bxf5 exf5 26.Kg2 Bxd4 27.Qxd4 Red8 28.Qf2
Qc4 29.Ba3 Rd3 30.Bd6 Qd5+ 31.Kg1 Rc8 32.Qxa7 Rd2 0-1

[Event "13th Asia-ch"]
[Site "Al-Ain UAE"]
[Date "2015.08.07"]
[Round "6"]
[White "Hj Azahari, Md Aliuddin"]
[Black "Bukhari, Mohameed"]
[Result "1-0"]
[WhiteElo "2024"]
[BlackElo "1737"]
[EventDate "2015.08.02"]
[PlyCount "61"]

1.e4 c5 2.Nf3 a6 3.c4 e6 4.Nc3 Nc6 5.Be2 d6 6.d4 cxd4 7.Nxd4 Be7 8.O-O Nf6
9.Be3 O-O 10.Qd2 Bd7 11.Rfd1 Qc7 12.Rac1 Rad8 13.f3 Bc8 14.Qe1 b6 15.Nd5 
exd5 16.cxd5 Bb7 17.Nxc6 Bxc6 18.Rxc6 Qb7 19.Rxb6 Qd7 20.Rxa6 Ra8 21.Qa5 
Qb7 22.Qb5 Qxb5 23.Bxb5 Rab8 24.a4 Ne8 25.Rb6 Nc7 26.Bc6 h6 27.b4 Rxb6 28.
Bxb6 Na6 29.b5 Nc5 30.Bxc5 dxc5 31.b6 1-0

[Event "13th Asia-ch"]
[Site "Al-Ain UAE"]
[Date "2015.08.08"]
[Round "7"]
[White "Ganguly, Surya Shekhar"]
[Black "Le Quang Liem"]
[Result "1/2-1/2"]
[WhiteElo "2631"]
[BlackElo "2699"]
[EventDate "2015.08.02"]
[PlyCount "110"]

1.d4 Nf6 2.c4 e6 3.Nf3 d5 4.Nc3 c6 5.e3 Nbd7 6.Bd3 dxc4 7.Bxc4 b5 8.Bd3 
Bd6 9.O-O O-O 10.Qc2 Bb7 11.a3 h6 12.e4 e5 13.h3 Re8 14.dxe5 Nxe5 15.Nxe5 
Bxe5 16.Be3 Bd4 17.Rfe1 a6 18.Bxd4 Qxd4 19.Rad1 Qe5 20.Qd2 c5 21.f4 Qd4+ 
22.Qf2 Qxf2+ 23.Kxf2 Rad8 24.e5 Nd5 25.g3 Nxc3 26.bxc3 Kf8 27.Ke3 Bd5 28.
Be4 Bb3 29.Rxd8 Rxd8 30.Rb1 Bc4 31.f5 Re8 32.Kf4 Rd8 33.Ke3 Re8 34.Kf4 Rd8
35.g4 Rd2 36.h4 Bd3 37.Bxd3 Rxd3 38.Rc1 Ke7 39.g5 hxg5+ 40.hxg5 g6 41.a4 
Rd2 42.axb5 axb5 43.fxg6 fxg6 44.Rb1 b4 45.cxb4 Rd4+ 46.Ke3 Rxb4 47.Rc1 
Rb5 48.Rf1 Ke6 49.Rf6+ Kxe5 50.Rxg6 Rb3+ 51.Kd2 Rg3 52.Rg8 Kf5 53.Rc8 Rxg5
54.Rxc5+ Kf4 55.Rxg5 Kxg5 1/2-1/2

[Event "13th Asia-ch"]
[Site "Al-Ain UAE"]
[Date "2015.08.08"]
[Round "7"]
[White "Gupta, Abhijeet"]
[Black "Lin Chen"]
[Result "1-0"]
[WhiteElo "2619"]
[BlackElo "2494"]
[EventDate "2015.08.02"]
[PlyCount "113"]

1.d4 d5 2.c4 c6 3.Nf3 Nf6 4.Nc3 a6 5.a4 e6 6.g3 dxc4 7.Bg5 Bb4 8.Bg2 Nbd7 
9.O-O h6 10.Bxf6 Qxf6 11.e3 O-O 12.a5 e5 13.Qa4 Qe7 14.dxe5 Bxc3 15.bxc3 
Nxe5 16.Nxe5 Qxe5 17.Qxc4 Be6 18.Qd4 Qc7 19.Qc5 Rfd8 20.Rfd1 Rxd1+ 21.Rxd1
Rd8 22.Rd4 Rd7 23.e4 f6 24.f4 g5 25.Rxd7 Qxd7 26.Qd4 Qe7 27.e5 fxe5 28.
Qxe5 gxf4 29.Bh3 Kf7 30.Qxf4+ Ke8 31.Bxe6 Qxe6 32.Qb8+ Ke7 33.Qxb7+ Kf6 
34.Qb4 Qe2 35.Qd6+ Kg7 36.Qd7+ Kg8 37.Qd8+ Kh7 38.Qd4 Kg8 39.h4 Qf3 40.Kh2
Qe2+ 41.Kh3 Qf1+ 42.Kg4 Qe2+ 43.Kf4 Qb5 44.Qe5 c5 45.Qe6+ Kg7 46.Qe7+ Kg8 
47.Qd8+ Kf7 48.Qc7+ Ke8 49.Ke5 Qe2+ 50.Kf6 Qf3+ 51.Qf4 Qd3 52.Qe5+ Kd8 53.
Qe7+ Kc8 54.Qxc5+ Kb7 55.Qe7+ Kc6 56.Qe6+ Kb7 57.Qe5 1-0

[Event "13th Asia-ch"]
[Site "Al-Ain UAE"]
[Date "2015.08.08"]
[Round "7"]
[White "Zhou Jianchao"]
[Black "Santosh Gujrathi, Vidit"]
[Result "1/2-1/2"]
[WhiteElo "2600"]
[BlackElo "2644"]
[EventDate "2015.08.02"]
[PlyCount "36"]

1.c4 c5 2.Nf3 Nf6 3.Nc3 d5 4.cxd5 Nxd5 5.e4 Nb4 6.Bb5+ Bd7 7.a3 N4c6 8.O-O
Bg4 9.d3 e6 10.Be3 a6 11.Bxc6+ Nxc6 12.h3 Bxf3 13.Qxf3 Be7 14.Rfd1 O-O 15.
Ne2 Rc8 16.d4 cxd4 17.Nxd4 Qe8 18.Nxc6 Qxc6 1/2-1/2

[Event "13th Asia-ch"]
[Site "Al-Ain UAE"]
[Date "2015.08.08"]
[Round "7"]
[White "Salem, A. R. Saleh"]
[Black "Sethuraman, Panayapan"]
[Result "1-0"]
[WhiteElo "2595"]
[BlackElo "2635"]
[EventDate "2015.08.02"]
[PlyCount "81"]

1.d4 Nf6 2.c4 e6 3.Nf3 Bb4+ 4.Nbd2 O-O 5.a3 Be7 6.e4 d5 7.e5 Nfd7 8.Bd3 c5
9.O-O Nc6 10.Re1 a5 11.Bc2 Qc7 12.cxd5 exd5 13.Nb3 c4 14.Nbd2 f6 15.Nb1 
Nb6 16.e6 f5 17.Nc3 Nd8 18.Nb5 Qc6 19.a4 Nxe6 20.Ne5 Qe8 21.b3 Qd8 22.Qh5 
Bb4 23.Re3 Qg5 24.Qe2 f4 25.Nf3 Qf6 26.Re5 Bd7 27.bxc4 dxc4 28.Bb2 Rae8 
29.d5 c3 30.Qd3 cxb2 31.Qxh7+ Kf7 32.Rd1 Rh8 33.dxe6+ Rxe6 34.Qxh8 Rxe5 
35.Nxe5+ Qxe5 36.Qd8 Bf5 37.Bb3+ Kg6 38.Qxb6+ Kh7 39.Ba2 Qe2 40.Qd8 Be1 
41.Qh4+ 1-0

[Event "13th Asia-ch"]
[Site "Al-Ain UAE"]
[Date "2015.08.08"]
[Round "7"]
[White "Nguyen Ngoc Truong Son"]
[Black "Vakhidov, Jahongir"]
[Result "1-0"]
[WhiteElo "2662"]
[BlackElo "2525"]
[EventDate "2015.08.02"]
[PlyCount "131"]

1.e4 c5 2.Nf3 d6 3.d4 cxd4 4.Nxd4 Nf6 5.Nc3 g6 6.Be3 Bg7 7.f3 Nc6 8.Qd2 
O-O 9.g4 Nxd4 10.Bxd4 Be6 11.Nd5 Bxd5 12.exd5 Nd7 13.Bxg7 Kxg7 14.h4 e5 
15.h5 g5 16.h6+ Kh8 17.Bd3 Nc5 18.Bf5 a5 19.c3 f6 20.O-O a4 21.Rab1 Qc7 
22.Kg2 Ra7 23.Rfc1 Rfa8 24.c4 Qa5 25.Qxa5 Rxa5 26.Kg3 Na6 27.b4 axb3 28.
axb3 Nb4 29.Rb2 b6 30.Kf2 R8a7 31.Ke3 Kg8 32.Kd2 Kf8 33.Rd1 Ke8 34.Bb1 Rc7
35.Be4 Kd8 36.Rbb1 Rca7 37.Kc3 Na2+ 38.Kb2 Ke8 39.Rh1 Kf8 40.Ra1 Kg8 41.
Bf5 Ra8 42.Bb1 Nb4 43.Rxa5 Rxa5 44.Rh2 Na6 45.Rd2 Kh8 46.Rd1 Nb4 47.Be4 
Ra2+ 48.Kc3 Na6 49.Rb1 Ra3 50.Kb2 Ra5 51.b4 Ra4 52.Kc3 Kg8 53.Bc2 Ra3+ 54.
Bb3 Nc7 55.Kb2 Ra7 56.Bc2 Kh8 57.Bf5 Kg8 58.Kb3 Ra8 59.c5 Nb5 60.cxb6 Nd4+
61.Kc4 Kf7 62.b7 Rb8 63.Bc8 Nc2 64.Rc1 Na3+ 65.Kb3 Nb5 66.Ka4 1-0

[Event "13th Asia-ch"]
[Site "Al-Ain UAE"]
[Date "2015.08.08"]
[Round "7"]
[White "Sasikiran, Krishnan"]
[Black "Darini, Pouria"]
[Result "1-0"]
[WhiteElo "2640"]
[BlackElo "2501"]
[EventDate "2015.08.02"]
[PlyCount "63"]

1.d4 Nf6 2.c4 g6 3.Nc3 d5 4.Nf3 Bg7 5.Qb3 dxc4 6.Qxc4 O-O 7.e4 Na6 8.Be2 
c5 9.d5 e6 10.O-O exd5 11.exd5 Bf5 12.Be3 Re8 13.Rad1 Rc8 14.d6 Nb8 15.Nb5
Nbd7 16.Nxa7 Ra8 17.Nb5 Ng4 18.Bg5 Qa5 19.Be7 Be6 20.Qf4 Qxa2 21.Nc7 Ra4 
22.Qg3 Nge5 23.Nxe5 Bxe5 24.f4 Bxb2 25.Nxe8 Bh8 26.Bd3 Ra3 27.f5 Bd4+ 28.
Kh1 Bd5 29.fxg6 hxg6 30.Rf3 Bxf3 31.Qxf3 c4 32.Bxc4 1-0

[Event "13th Asia-ch"]
[Site "Al-Ain UAE"]
[Date "2015.08.08"]
[Round "7"]
[White "Khusnutdinov, Rustam"]
[Black "Zhang Zhong"]
[Result "1/2-1/2"]
[WhiteElo "2510"]
[BlackElo "2628"]
[EventDate "2015.08.02"]
[PlyCount "209"]

1.e4 c5 2.Nf3 e6 3.g3 Nc6 4.Bg2 Nf6 5.d3 d6 6.O-O Be7 7.Re1 O-O 8.Nbd2 Bd7
9.e5 dxe5 10.Nc4 Nd5 11.Nfxe5 Bf6 12.Nxd7 Qxd7 13.c3 Rad8 14.Qb3 Rb8 15.a4
Rfd8 16.Bd2 b6 17.Rad1 h6 18.Bc1 a6 19.Nd2 Be7 20.Qc4 b5 21.axb5 axb5 22.
Qg4 Bf8 23.Nb3 b4 24.c4 Nf6 25.Bxc6 Qxc6 26.Qe2 Rbc8 27.Bf4 Re8 28.f3 e5 
29.Be3 Nd7 30.Ra1 Ra8 31.Bf2 f5 32.Be3 Bd6 33.Qg2 Nf6 34.Bf2 Kf7 35.g4 f4 
36.Kf1 Rxa1 37.Rxa1 Ra8 38.Rxa8 Qxa8 39.Bg1 Nh7 40.Qe2 Ng5 41.Kg2 h5 42.h4
Ne6 43.g5 Qa4 44.Qc2 Nd8 45.Nd4 Qxc2+ 46.Nxc2 Nc6 47.Kf1 Na5 48.Ke2 Ke6 
49.Kd1 Kd7 50.Bf2 Kc6 51.Ne1 Nb7 52.Nc2 Na5 53.Be1 Nb3 54.Bf2 Kb7 55.Ne1 
Ka6 56.Kc2 Na5 57.Bg1 Be7 58.Bf2 Kb6 59.Bg1 Nc6 60.Ng2 Nd8 61.Bf2 Ne6 62.
Kd2 Kc6 63.Ne1 g6 64.Nc2 Bf8 65.Na1 Bg7 66.Nb3 e4 67.dxe4 Bxb2 68.Kc2 Be5 
69.Kd3 Bd6 70.Bg1 Bc7 71.Bf2 Bb8 72.Na5+ Kb6 73.Nb3 Be5 74.Bg1 Kc6 75.Bf2 
Bc3 76.Na5+ Kc7 77.Nb3 Kd6 78.Nc1 Bd4 79.Be1 Be3 80.Nb3 Nd8 81.Bd2 Bxd2 
82.Kxd2 Nc6 83.Kc2 Ne5 84.Nd2 Kc6 85.Kd1 Nd3 86.Ke2 Ne5 87.Kd1 Kc7 88.Ke1 
Nd3+ 89.Ke2 Nb2 90.e5 Kd7 91.Ne4 Na4 92.Kd3 b3 93.Nd2 b2 94.Kc2 Ke6 95.Kb3
Nb6 96.Kxb2 Nd7 97.Kc2 Nxe5 98.Kd1 Nd3 99.Ke2 Nb2 100.Ne4 Na4 101.Nf2 Nb2 
102.Nd3 Nxc4 103.Nxc5+ Kf5 104.Nd3 Ne3 105.Kf2 1/2-1/2

[Event "13th Asia-ch"]
[Site "Al-Ain UAE"]
[Date "2015.08.08"]
[Round "7"]
[White "Sengupta, Deep"]
[Black "Tabatabaei, Mohammadamin"]
[Result "1-0"]
[WhiteElo "2594"]
[BlackElo "2458"]
[EventDate "2015.08.02"]
[PlyCount "52"]

1.e4 e5 2.Nf3 Nc6 3.Bc4 Bc5 4.c3 Nf6 5.d3 d6 6.Bg5 h6 7.Bh4 a6 8.Bb3 Ba7 
9.Nbd2 O-O 10.h3 g5 11.Bg3 Nh5 12.Nh2 Nxg3 13.fxg3 Na5 14.Qh5 Nxb3 15.axb3
Qf6 16.Qe2 Be6 17.O-O-O Qf2 18.Qh5 Qxg3 19.Qxh6 Qh4 20.Qf6 Qf4 21.Qh6 Qh4 
22.Qf6 Qf4 23.Qe7 Rfe8 24.Qxc7 Qf6 25.Rhf1 Qe7 26.Qxe7 Rxe7 1-0

[Event "13th Asia-ch"]
[Site "Al-Ain UAE"]
[Date "2015.08.08"]
[Round "7"]
[White "Harika, Dronavalli"]
[Black "Humpy, Koneru"]
[Result "1/2-1/2"]
[WhiteElo "2509"]
[BlackElo "2585"]
[EventDate "2015.08.02"]
[PlyCount "39"]

1.d4 d5 2.c4 e6 3.Nf3 Nf6 4.g3 Bb4+ 5.Bd2 Bd6 6.Nc3 c6 7.Bg2 O-O 8.Bg5 
Nbd7 9.e4 dxe4 10.Nxe4 Bb4+ 11.Nc3 h6 12.Bd2 Bd6 13.O-O e5 14.d5 Nb6 15.
dxc6 Nxc4 16.Qe2 Nxd2 17.Qxd2 Qe7 18.Rfe1 bxc6 19.Nd4 Bd7 20.Nxc6 1/2-1/2

[Event "13th Asia-ch"]
[Site "Al-Ain UAE"]
[Date "2015.08.08"]
[Round "7"]
[White "Kunte, Abhijit"]
[Black "Lalith Babu, Musunuri Rohit"]
[Result "1/2-1/2"]
[WhiteElo "2493"]
[BlackElo "2570"]
[EventDate "2015.08.02"]
[PlyCount "31"]

1.d4 Nf6 2.c4 e6 3.Nf3 b6 4.g3 Bb7 5.Bg2 Bb4+ 6.Bd2 c5 7.Bxb4 cxb4 8.O-O 
O-O 9.Nbd2 d6 10.Re1 Qc7 11.Rc1 Nbd7 12.Nf1 Rfe8 13.Ne3 Rac8 14.Qb3 a5 15.
a3 bxa3 16.bxa3 1/2-1/2

[Event "13th Asia-ch"]
[Site "Al-Ain UAE"]
[Date "2015.08.08"]
[Round "7"]
[White "Idani, Pouya"]
[Black "Dzhumaev, Marat"]
[Result "1-0"]
[WhiteElo "2568"]
[BlackElo "2493"]
[EventDate "2015.08.02"]
[PlyCount "79"]

1.e4 g6 2.d4 Bg7 3.Nc3 d6 4.f4 a6 5.Nf3 b5 6.Bd3 Nd7 7.a4 b4 8.Ne2 Ngf6 9.
O-O O-O 10.e5 Nd5 11.Ng3 c5 12.Be4 e6 13.Bd2 Rb8 14.c4 bxc3 15.bxc3 Qc7 
16.a5 Bb7 17.Bd3 Ne7 18.Qe2 Bxf3 19.Rxf3 Nc6 20.Be3 Rb3 21.Bxa6 Rxc3 22.
Ne4 Nxd4 23.Bxd4 Rxf3 24.Qxf3 cxd4 25.exd6 Qa7 26.Bd3 f5 27.Nd2 e5 28.Qd5+
Kh8 29.Rc1 e4 30.Rc7 Nf6 31.Qe5 Qb8 32.Qe7 Ne8 33.Rd7 Qb4 34.Nf1 Rg8 35.a6
exd3 36.a7 d2 37.a8=Q d1=Q 38.Qaxe8 Qxf1+ 39.Kxf1 Qc4+ 40.Kf2 1-0

[Event "13th Asia-ch"]
[Site "Al-Ain UAE"]
[Date "2015.08.08"]
[Round "7"]
[White "Gao Rui"]
[Black "Das, Debashis"]
[Result "1/2-1/2"]
[WhiteElo "2528"]
[BlackElo "2489"]
[EventDate "2015.08.02"]
[PlyCount "92"]

1.e4 c5 2.Nf3 d6 3.d4 cxd4 4.Nxd4 Nf6 5.Nc3 a6 6.Bc4 e6 7.O-O Be7 8.Bb3 
O-O 9.f4 b5 10.e5 dxe5 11.fxe5 Nfd7 12.Be3 Nxe5 13.Qh5 Nbc6 14.Nxc6 Nxc6 
15.Rf3 g6 16.Qh6 f6 17.Rd1 Qe8 18.Rg3 Rf7 19.Ne4 Ne5 20.Bd4 Bb7 21.Re1 Rd8
22.c3 Nc4 23.Bc2 Qf8 24.Qxf8+ Rfxf8 25.Nc5 Bxc5 26.Bxc5 Rfe8 27.b3 Rd2 28.
Bxg6 hxg6 29.bxc4 Kf7 30.cxb5 axb5 31.a3 Rc8 32.Be3 Ra2 33.Rd1 Bd5 34.Bd4 
Rxa3 35.Rf1 f5 36.Rh3 Rca8 37.Rh7+ Ke8 38.Rf2 Ra2 39.g3 Ra1+ 40.Rf1 R1a2 
41.Rf2 Ra1+ 42.Rf1 Rxf1+ 43.Kxf1 Ra2 44.h4 Bg2+ 45.Ke1 Bf3 46.Kf1 Bg2+ 
1/2-1/2

[Event "13th Asia-ch"]
[Site "Al-Ain UAE"]
[Date "2015.08.08"]
[Round "7"]
[White "Rahman, Ziaur"]
[Black "Utegaliev, Azamat"]
[Result "1/2-1/2"]
[WhiteElo "2509"]
[BlackElo "2469"]
[EventDate "2015.08.02"]
[PlyCount "107"]

1.d4 d5 2.Nf3 Nf6 3.c4 c6 4.e3 Bf5 5.Nc3 e6 6.Nh4 Bg6 7.Qb3 Qb6 8.Nxg6 
hxg6 9.g3 Nbd7 10.Bg2 Be7 11.O-O O-O 12.Rd1 Rad8 13.cxd5 cxd5 14.Qxb6 Nxb6
15.b3 Rc8 16.Bb2 Rc6 17.Rdc1 Rfc8 18.a3 Nbd7 19.Bf3 a6 20.Bd1 Bd8 21.Ne2 
Ne4 22.Rxc6 Rxc6 23.Rc1 Rxc1 24.Nxc1 Ba5 25.Nd3 Bc3 26.Bc1 Bd2 27.Bxd2 
Nxd2 28.f3 Nb1 29.a4 Nc3 30.Bc2 a5 31.Kf2 Na2 32.h4 Nb4 33.Nxb4 axb4 34.
Bd3 b6 35.Bb5 Nf6 36.g4 Kf8 37.Kg3 Ne8 38.e4 f6 39.Kf4 Nc7 40.Bd3 Kf7 41.
e5 Ne8 42.Ke3 g5 43.h5 Nc7 44.f4 Kf8 45.Kf3 Kf7 46.Bg6+ Kg8 47.Ke3 Kf8 48.
exf6 gxf6 49.f5 exf5 50.Bxf5 Kg7 51.Kd3 Kh6 52.Bd7 Kg7 53.Bc6 Kh6 54.Bd7 
1/2-1/2

[Event "13th Asia-ch"]
[Site "Al-Ain UAE"]
[Date "2015.08.08"]
[Round "7"]
[White "Vishnu Prasanna, Vasanthan"]
[Black "Lou Yiping"]
[Result "1/2-1/2"]
[WhiteElo "2502"]
[BlackElo "2454"]
[EventDate "2015.08.02"]
[PlyCount "67"]

1.e4 e6 2.d4 d5 3.Nc3 Nf6 4.e5 Nfd7 5.f4 c5 6.Nf3 Be7 7.Be3 b6 8.Be2 O-O 
9.O-O Nc6 10.Nb1 cxd4 11.Nxd4 Nxd4 12.Bxd4 Nc5 13.c3 f5 14.exf6 Bxf6 15.
Na3 a5 16.Nc2 Ba6 17.Bxa6 Rxa6 18.Qe2 Qc8 19.Rad1 Ra7 20.Ne3 Bxd4 21.Rxd4 
Ne4 22.Ng4 Qc5 23.Ne5 Re7 24.g3 b5 25.a3 Nd6 26.Kh1 Qb6 27.Nf3 Nf5 28.Rd3 
Qc5 29.Qd2 Nd6 30.Qe3 Qc4 31.Ne5 Qc7 32.Re1 Qb7 33.Kg1 Rc8 34.Qd4 1/2-1/2

[Event "13th Asia-ch"]
[Site "Al-Ain UAE"]
[Date "2015.08.08"]
[Round "7"]
[White "Nguyen Djuc Hoa"]
[Black "Yuan Qingyu"]
[Result "1-0"]
[WhiteElo "2500"]
[BlackElo "2359"]
[EventDate "2015.08.02"]
[PlyCount "59"]

1.Nf3 Nf6 2.c4 e6 3.d4 b6 4.g3 Ba6 5.b3 Bb4+ 6.Bd2 Be7 7.Bg2 c6 8.O-O d5 
9.Qc2 Nbd7 10.Rd1 O-O 11.a4 c5 12.a5 dxc4 13.bxc4 Qc8 14.Na3 Bb7 15.Bf4 
cxd4 16.Nb5 Qc5 17.Rxd4 e5 18.Nxe5 Bxg2 19.Nxd7 Nxd7 20.Kxg2 Bf6 21.Rd5 
Qc6 22.Rc1 bxa5 23.e4 Rfd8 24.Bc7 Rf8 25.Rd6 Qb7 26.Rxd7 a6 27.Nc3 Bxc3 
28.Qxc3 Rac8 29.Qxg7+ Kxg7 30.Be5+ 1-0

[Event "13th Asia-ch"]
[Site "Al-Ain UAE"]
[Date "2015.08.08"]
[Round "7"]
[White "Karthikeyan, Pandian"]
[Black "Nguyen Huynh Minh Huy"]
[Result "1-0"]
[WhiteElo "2426"]
[BlackElo "2496"]
[EventDate "2015.08.02"]
[PlyCount "51"]

1.e4 c5 2.Nf3 d6 3.d4 cxd4 4.Nxd4 Nf6 5.Nc3 a6 6.h3 e6 7.g4 Nfd7 8.Be3 Be7
9.Qd2 b5 10.a4 bxa4 11.Nxa4 Bb7 12.Bg2 O-O 13.O-O Ne5 14.Qb4 Bc6 15.f4 d5 
16.Qc3 Nc4 17.Bf2 a5 18.b3 Bb4 19.Qd3 Bxa4 20.bxc4 dxc4 21.Qxc4 Bd7 22.e5 
Ra6 23.c3 Be7 24.Rfb1 Rb6 25.Rxb6 Qxb6 26.Nc6 1-0

[Event "13th Asia-ch"]
[Site "Al-Ain UAE"]
[Date "2015.08.08"]
[Round "7"]
[White "Sharavdorj, Dashzeveg"]
[Black "Ghaem Maghami, Ehsan"]
[Result "0-1"]
[WhiteElo "2423"]
[BlackElo "2609"]
[EventDate "2015.08.02"]
[PlyCount "104"]

1.d4 Nf6 2.c4 e6 3.Nf3 b6 4.a3 Bb7 5.Nc3 g6 6.d5 exd5 7.cxd5 Bg7 8.g3 O-O 
9.Bg2 c6 10.d6 c5 11.O-O Ne4 12.Nd5 Nxd6 13.Bg5 f6 14.Bf4 Ne8 15.b4 g5 16.
Be3 Nc7 17.Nxc7 Qxc7 18.bxc5 bxc5 19.Rb1 Be4 20.Nxg5 Bxg2 21.Kxg2 Qc6+ 22.
Nf3 d5 23.Rc1 Nd7 24.Nd4 Qb7 25.Bf4 Rfe8 26.Nf5 Bf8 27.Kg1 d4 28.Re1 Qe4 
29.Ne3 Nb6 30.Nc4 Nd5 31.Qd2 Rad8 32.f3 Qg6 33.Kf2 Qh5 34.Kg2 Qg6 35.Kh1 
Nxf4 36.gxf4 Kh8 37.Rg1 Qf5 38.Rg2 Bh6 39.Rcg1 Bxf4 40.Qa5 Rd7 41.Qa6 Bg5 
42.Qb5 Qd5 43.a4 Rde7 44.Nb2 Be3 45.Rf1 Rg8 46.Rxg8+ Kxg8 47.Nd3 Kf7 48.
Nxc5 Re5 49.Qb3 Qxb3 50.Nxb3 Re6 51.Rd1 Rc6 52.Nxd4 Rd6 0-1

[Event "13th Asia-ch"]
[Site "Al-Ain UAE"]
[Date "2015.08.08"]
[Round "7"]
[White "Sandipan, Chanda"]
[Black "Xu Yi"]
[Result "1-0"]
[WhiteElo "2585"]
[BlackElo "2365"]
[EventDate "2015.08.02"]
[PlyCount "61"]

1.d4 Nf6 2.Nf3 e6 3.Bf4 b6 4.e3 Bb7 5.Bd3 Be7 6.h3 c5 7.c3 d5 8.Nbd2 Nbd7 
9.O-O O-O 10.a4 Ne4 11.a5 bxa5 12.Qa4 g5 13.Bh2 f5 14.Qxa5 Nb6 15.Ba6 Bxa6
16.Qxa6 cxd4 17.exd4 g4 18.Nxe4 gxf3 19.Nc5 Rf6 20.Rfe1 Rg6 21.g3 Bxc5 22.
dxc5 Qh4 23.cxb6 Qxh3 24.Qf1 Qh5 25.Ra4 f4 26.Rxf4 e5 27.b7 Rd8 28.Rb4 Rb8
29.Qb5 Rd6 30.Rh4 Qf5 31.Qc5 1-0

[Event "13th Asia-ch"]
[Site "Al-Ain UAE"]
[Date "2015.08.08"]
[Round "7"]
[White "Maghsoodloo, Parham"]
[Black "Gopal, Geetha Narayanan"]
[Result "1-0"]
[WhiteElo "2416"]
[BlackElo "2562"]
[EventDate "2015.08.02"]
[PlyCount "87"]

1.Nf3 c5 2.e3 g6 3.Be2 Bg7 4.O-O Nf6 5.b3 O-O 6.Bb2 b6 7.c4 Bb7 8.d3 d6 9.
a3 Nbd7 10.Nbd2 e5 11.Qc2 Qe7 12.Rac1 d5 13.cxd5 Nxd5 14.g3 Rac8 15.Rfe1 
Nb8 16.Bf1 Nc6 17.Qb1 Rfe8 18.Bg2 Rcd8 19.Nc4 f6 20.Ba1 Kh8 21.Bb2 Rd7 22.
Rc2 Qd8 23.Rec1 Nc7 24.Ne1 Nd5 25.Nd2 a5 26.Nc4 Ba8 27.Rd1 Bb7 28.Qa1 Nde7
29.Bh3 Nc8 30.Bxd7 Qxd7 31.e4 f5 32.f3 Nd4 33.Bxd4 exd4 34.a4 Qf7 35.Qc1 
Qe6 36.Ng2 Ne7 37.Re1 fxe4 38.fxe4 Rf8 39.Rf1 Re8 40.Rcf2 Kg8 41.Qf4 Nc6 
42.Qc7 Qe7 43.Qxb6 Nb4 44.Rf7 1-0